All Naruto Shippuden Character Quiz (No Fillers or Boruto) - Statistics

General Stats
  • This quiz has been taken 489 times
  • The average score is 51 of 71
Answer Stats
Hint Answer % Correct
Leaf Naruto Uzumaki
99%
Leaf (Hokage First Name) Naruto Uzumaki
99%
Leaf Sasuke Uchiha
99%
Taka Sasuke Uchiha
99%
Leaf Kakashi Hatake
98%
Leaf (Hokage First Name) Kakashi Hatake
98%
Leaf Sakura Haruno
98%
Cloud A
94%
Leaf (Hokage First Name) Minato Namikaze
92%
Leaf (Hokage First Name) Tsunade
92%
Akatsuki Tobi (Obito Uchiha)
90%
Leaf (Hokage First Name) Hashirama Senju
89%
Akatsuki Itachi Uchiha
89%
Leaf (Hokage First Name) Tobirama Senju
89%
Leaf Hinata Hyuga
88%
Leaf Kiba Inuzuka
88%
Leaf (Hokage First Name) Hiruzen Sarutobi
87%
Leaf Ino Yamanaka
87%
Leaf Neji Hyuga
87%
Leaf Rock Lee
87%
Leaf Shikamaru Nara
87%
Leaf Tenten
85%
Sound Orochimaru
84%
Akatsuki Pain (Nagato)
84%
Akatsuki Deidara
83%
Leaf Might Guy
83%
Leaf Asuma Sarutobi
82%
Leaf Danzo Shimura
82%
Leaf (Hokage First Name) Danzo Shimura
82%
Leaf Rin Nohara
82%
Leaf Choji Akimichi
81%
Sand Gaara Kazekage
81%
Akatsuki Konan
81%
Leaf Shino Aburame
81%
Akatsuki Hidan
80%
Akatsuki Kisame Hoshigaki
80%
Akatsuki Sasori
79%
Sand Temari Kazekage
79%
Taka Karin
78%
Akatsuki Kakuzu
77%
Sand Kankuro Kazekage
77%
Leaf Kurenai Yuhi
77%
Akatsuki Zetsu
75%
Leaf Sai
73%
Taka Jugo
71%
Sound Kabuto Yakushi
71%
Akatsuki Madara Uchicha
71%
Taka Suigetsu Hozuki
71%
Leaf Yamato
69%
Leaf Jiraiya
66%
Cloud Killer Bee
64%
Leaf Obito Uchiha
60%
Leaf Iruka Umino
55%
Leaf Kushina Uzumaki
55%
Mist Zabuza Momochi
55%
Mist Haku
53%
Sand Baki
51%
Leaf Konohamaru Sarutobi
51%
Sound 4 Tayuya
49%
Sound 4 Sakon
45%
Sound 4 Jirobo
43%
Sound 4 Kidomaru
41%
Stone Onoki
40%
Rain Hanzo
35%
Leaf Ebisu
34%
Leaf Udon Ise
33%
Sound Kimimaru
32%
Leaf Moegi Kazamatsuri
32%
Leaf Shisui Uchiha
27%
Cloud Yugito Nii
16%
Leaf (Dog) Pacsun
2%
No matching quizzes found
Score Distribution
Percent of People with Each Score
Percentile by Number Answered
Your Score History
You have not taken this quiz